Top 10 des jeux vidéo les plus vendus de l'histoire - Statistiques

Statistiques générales
  • Ce quiz a été pris 59 fois
  • Le résultat moyen est 3 sur 10
Statistiques - réponses
Hint Réponse % Correct
~300 M Minecraft
93%
~520 M Tetris
52%
~200 M Grand Theft Auto V
36%
~61 M Red Dead Redemption 2
20%
~82,9 M Wii Sports
16%
~67 M Mario Kart 8 Deluxe
14%
~25 M Elden Ring
11%
~20 M The Legend of Zelda
7%
~41 M Call of Duty: Modern Warfare
2%
~75 M (PC/console) PUBG
0%
Aucun quiz correspondant
Distribution des résultats
% des personnes avec chaque résultat
Percentile par nombre de réponses
Votre historique - résultats
Vous n’avez pas pris ce quiz